00666nam a2200205Ia 4500082001200000100001600012245004000028260003300068300001000101650005200111650004900163650002100212650002500233650002800258650004300286650002100329650004100350650004900391710002000440 aTV.0003 aVed Parkash 0aEconomics of air transport in India c1980bUniversity of Jabalpur a358p. aCOMMERCIAL AERONAUTICS//AERONAUTICS, COMMERCIAL aTRANSPORTATION, AIR//AERONAUTICS, COMMERCIAL aAIRPORTS - INDIA aAVIATION INDUSTRY//A aAERONAUTICS, COMMERCIAL aAIR TRANSPORT//AERONAUTICS, COMMERCIAL aAIRLINES - INDIA aAIRLINES - COST OF OPERATION - INDIA aCOMMERCIAL AVIATION//AERONAUTICS, COMMERCIAL aPachory, C.M.N.